A sultan in Palermo : (Record no. 71671)
[ view plain ]
| 000 -LEADER | |
|---|---|
| fixed length control field | 01338cam a2200409 a 4500 |
| 001 - CONTROL NUMBER | |
| control field | 14593633 |
| 003 - CONTROL NUMBER IDENTIFIER | |
| control field | Nust |
| 005 - DATE AND TIME OF LATEST TRANSACTION | |
| control field | 20180712054637.0 |
| 008 - FIXED-LENGTH DATA ELEMENTS--GENERAL INFORMATION | |
| fixed length control field | 061013r20062005enk 000 1 eng d |
| 010 ## - LIBRARY OF CONGRESS CONTROL NUMBER | |
| LC control number | 2006284541 |
| 015 ## - NATIONAL BIBLIOGRAPHY NUMBER | |
| National bibliography number | GBA663117 |
| Source | bnb |
| 016 7# - NATIONAL BIBLIOGRAPHIC AGENCY CONTROL NUMBER | |
| Record control number | 013512560 |
| Source | Uk |
| 020 ## - INTERNATIONAL STANDARD BOOK NUMBER | |
| International Standard Book Number | 9781844671014 (pbk.) |
| Terms of availability | Rs. 700 |
| 020 ## - INTERNATIONAL STANDARD BOOK NUMBER | |
| International Standard Book Number | 1844671011 (pbk.) |
| 035 ## - SYSTEM CONTROL NUMBER | |
| System control number | (OCoLC)ocm70672539 |
| 038 ## - RECORD CONTENT LICENSOR | |
| Staff Name | Arshad |
| 040 ## - CATALOGING SOURCE | |
| Original cataloging agency | UKM |
| Transcribing agency | UKM |
| Modifying agency | BAKER |
| -- | DLC |
| 042 ## - AUTHENTICATION CODE | |
| Authentication code | lccopycat |
| 043 ## - GEOGRAPHIC AREA CODE | |
| Geographic area code | e-it--- |
| 050 00 - LIBRARY OF CONGRESS CALL NUMBER | |
| Classification number | PR6051.L44 |
| Item number | S85 2006 |
| 082 00 - DEWEY DECIMAL CLASSIFICATION NUMBER | |
| Classification number | 823.914 |
| Author Mark | ALI |
| 100 1# - MAIN ENTRY--PERSONAL NAME | |
| Personal name | Ali, Tariq. |
| 9 (RLIN) | 11601 |
| 245 12 - TITLE STATEMENT | |
| Title | A sultan in Palermo : |
| Remainder of title | [a novel] / |
| Statement of responsibility, etc. | Tariq Ali. |
| 260 ## - PUBLICATION, DISTRIBUTION, ETC. | |
| Place of publication, distribution, etc. | London ; |
| -- | New York : |
| Name of publisher, distributor, etc. | Verso, |
| Date of publication, distribution, etc. | 2006. |
| 300 ## - PHYSICAL DESCRIPTION | |
| Extent | 246 p. ; |
| Dimensions | 19 cm. |
| 600 00 - SUBJECT ADDED ENTRY--PERSONAL NAME | |
| Personal name | Idrīsī, |
| Dates associated with a name | approximately 1100-1166 |
| Form subdivision | Fiction. |
| 9 (RLIN) | 11602 |
| 650 #0 - SUBJECT ADDED ENTRY--TOPICAL TERM | |
| Topical term or geographic name entry element | Cartographers |
| Form subdivision | Fiction. |
| 9 (RLIN) | 11603 |
| 650 #0 - SUBJECT ADDED ENTRY--TOPICAL TERM | |
| Topical term or geographic name entry element | Muslims |
| Form subdivision | Fiction. |
| 9 (RLIN) | 11604 |
| 650 #0 - SUBJECT ADDED ENTRY--TOPICAL TERM | |
| Topical term or geographic name entry element | Sultans |
| Form subdivision | Fiction. |
| 9 (RLIN) | 11605 |
| 651 #0 - SUBJECT ADDED ENTRY--GEOGRAPHIC NAME | |
| Geographic name | Sicily (Italy) |
| General subdivision | History |
| Chronological subdivision | 1016-1194 |
| Form subdivision | Fiction. |
| 9 (RLIN) | 11606 |
| 651 #0 - SUBJECT ADDED ENTRY--GEOGRAPHIC NAME | |
| Geographic name | Palermo (Italy) |
| Form subdivision | Fiction. |
| 9 (RLIN) | 11607 |
| 655 #7 - INDEX TERM--GENRE/FORM | |
| Genre/form data or focus term | Biographical fiction. |
| Source of term | gsafd |
| 9 (RLIN) | 416 |
| 655 #7 - INDEX TERM--GENRE/FORM | |
| Genre/form data or focus term | Historical fiction. |
| Source of term | gsafd |
| 9 (RLIN) | 417 |
| 906 ## - LOCAL DATA ELEMENT F, LDF (RLIN) | |
| a | 7 |
| b | cbc |
| c | copycat |
| d | 2 |
| e | ncip |
| f | 20 |
| g | y-gencatlg |
| 942 ## - ADDED ENTRY ELEMENTS (KOHA) | |
| Source of classification or shelving scheme | |
| Koha item type | Book |
| Withdrawn status | Lost status | Source of classification or shelving scheme | Damaged status | Not for loan | Collection code | Permanent Location | Current Location | Shelving location | Date acquired | Total Checkouts | Total Renewals | Full call number | Barcode | Date last seen | Date last checked out | Copy number | Price effective from | Koha item type |
|---|---|---|---|---|---|---|---|---|---|---|---|---|---|---|---|---|---|---|
| Central Library (CL) | Central Library (CL) | Fiction | 01/16/2017 | 8 | 2 | 823.914 ALI | CL194 | 05/30/2025 | 10/03/2024 | 1 | 01/16/2017 | Book |
